00628nam a2200169 i 450000100060000000300090000600500170001500700030003200800410003510000220007624501910009825000180028926000640030730000290037165000220040085200360042230699ES-MaACL20250801201856.0t|030127s1926 fr ||||1| fre d1 aBatiffol, Pierre.10aÉtudes d'histoire et de théologie positive. nPremière série, pLa discipline de l'Arcane, les origines de la pénitence, la hiérarchie primitive, l'agape / cPierre Batiffol. a8e édition. aParis : bLibrairie Victor Lecoffre : bJ. Gabalda, c1926. aXXVII, 368 p. ; c19 cm.07aTeología2embne aES-MaACLjP-948-bis-1 bR.29680